[Event "SVK-chT2A 2223"]
[Site "Slovakia"]
[Date "2023.03.25"]
[Round "10.4"]
[White "Mosny, Jaroslav"]
[Black "Sobek, Michal"]
[Result "0-1"]
[WhiteElo "1784"]
[BlackElo "2135"]
[PlyCount "90"]
[EventDate "2022.10.08"]
[EventType "team-tourn"]
[EventRounds "11"]
[EventCountry "SVK"]
[SourceTitle "EXT 2024"]
[Source "ChessBase"]
[SourceDate "2023.10.10"]
[SourceVersion "1"]
[SourceVersionDate "2023.10.10"]
[SourceQuality "1"]
[WhiteTeam "Trnava Lokomotiva"]
[BlackTeam "Bratislava Slovan IV"]
[WhiteTeamCountry "SVK"]
[BlackTeamCountry "SVK"]

1. d4 Nf6 2. c4 c5 3. d5 b5 4. cxb5 a6 5. b6 Qxb6 6. Nc3 g6 7. e4 d6 8. Be2 Bg7 9. Nf3 Bg4 10. Nd2 Bxe2 11. Qxe2 Nbd7 12. Nc4 Qc7 13. 0-0 0-0 14. b3 Nxe4 15. Qxe4 Bxc3 16. Rb1 Rfe8 17. Bb2 Bxb2 18. Rxb2 e6 19. Qd3 Rad8 20. Re2 Ne5 21. Qd2 Nxc4 22. bxc4 e5 23. h4 Rb8 24. f4 exf4 25. Rxe8+ Rxe8 26. Qxf4 f5 27. Qg5 Qg7 28. h5 Re4 29. Qd8+ Qf8 30. Qd7 Qf6 31. Rd1 Qg5 32. Rd3 Re2 33. Qc8+ Kg7 34. h6+ Kxh6 35. Qf8+ Kh5 36. Rh3+ Kg4 37. Qxd6 Qc1+ 38. Kh2 Rxg2+ 39. Kxg2 Qc2+ 40. Kf1 Qxc4+ 41. Kf2 Qxa2+ 42. Ke3 Qb3+ 43. Kd2 Qb2+ 44. Ke1 Qc1+ 45. Kf2 Qc2+ 0-1

[Event "SVK-chT1W 2223"]
[Site "Slovakia"]
[Date "2022.10.15"]
[Round "1.5"]
[White "Slobodnik, Michal"]
[Black "Sobek, Michal"]
[Result "0-1"]
[WhiteElo "2005"]
[BlackElo "2168"]
[PlyCount "81"]
[EventDate "2022.10.15"]
[EventType "team-tourn"]
[EventRounds "11"]
[EventCountry "SVK"]
[SourceTitle "EXT 2024"]
[Source "ChessBase"]
[SourceDate "2023.10.10"]
[SourceVersion "1"]
[SourceVersionDate "2023.10.10"]
[SourceQuality "1"]
[WhiteTeam "Trnava Sered"]
[BlackTeam "Bratislava Slovan II"]
[WhiteTeamCountry "SVK"]
[BlackTeamCountry "SVK"]

1. e4 c5 2. d4 cxd4 3. c3 d5 4. cxd4 dxe4 5. Nc3 Nf6 6. f3 exf3 7. Nxf3 g6 8. Bc4 Bg7 9. 0-0 0-0 10. h3 b6 11. Rf2 Bb7 12. d5 b5 13. Bxb5 Nxd5 14. Na4 Bc6 15. Qb3 Bxb5 16. Qxb5 Qd7 17. Qb3 Na6 18. Bd2 Rab8 19. Qa3 Ndb4 20. Bxb4 Nxb4 21. Rd2 Qf5 22. Rad1 e5 23. Nc3 e4 24. Nd5 Nxd5 25. Rxd5 Qf4 26. Ne1 Rxb2 27. Qxa7 Be5 28. Qc5 Qh2+ 29. Kf1 Bg3 30. Qg1 Rf2+ 31. Qxf2 Bxf2 32. Kxf2 f5 33. R1d4 Re8 34. Rd8 Rxd8 35. Rxd8+ Kf7 36. Rc8 f4 37. Rc3 e3+ 38. Kf1 Qh1+ 39. Ke2 Qg1 40. Rc2 Qf2+ 41. Kd1 0-1

[Event "Bratislava Slovakia op"]
[Site "Bratislava"]
[Date "2022.10.02"]
[Round "8"]
[White "Sobek, Michal"]
[Black "Balint, Peter1111"]
[Result "0-1"]
[WhiteElo "2156"]
[BlackElo "2219"]
[PlyCount "82"]
[EventDate "2022.09.30"]
[EventType "swiss (rapid)"]
[EventRounds "9"]
[EventCountry "SVK"]
[SourceTitle "CBM 210 Extra"]
[Source "ChessBase"]
[SourceDate "2022.11.30"]
[SourceVersion "1"]
[SourceVersionDate "2022.11.30"]
[SourceQuality "1"]

1. e4 c5 2. Nf3 e6 3. b3 Nc6 4. Bb2 d5 5. exd5 exd5 6. Bb5 Nf6 7. Qe2+ Be6 8. Ng5 Qd7 9. 0-0 0-0-0 10. Nxe6 fxe6 11. Re1 Re8 12. d4 a6 13. Bxc6 Qxc6 14. Nd2 Kb8 15. Nf3 Bd6 16. Ne5 Qc7 17. Ba3 Ne4 18. Qd3 g5 19. f3 cxd4 20. Bxd6 Nxd6 21. Qxd4 Nf5 22. Qa4 h5 23. c4 Ka7 24. Rac1 Qc5+ 25. Kh1 g4 26. cxd5 Qb6 27. Qf4 h4 28. Nc4 Qf2 29. Rf1 Ng3+ 30. Qxg3 hxg3 31. Rxf2 Rxh2+ 32. Kg1 Reh8 33. Kf1 Rh1+ 34. Ke2 Rxc1 35. Rf1 Rxf1 36. Kxf1 exd5 37. Ne3 gxf3 38. gxf3 d4 39. Ng4 d3 40. Kg2 d2 41. Ne3 Re8 0-1

[Event "Bratislava Slovakia op"]
[Site "Bratislava"]
[Date "2022.10.01"]
[Round "4"]
[White "Sobek, Michal"]
[Black "Nytra, Ondrej"]
[Result "1/2-1/2"]
[WhiteElo "2156"]
[BlackElo "2233"]
[PlyCount "103"]
[EventDate "2022.09.30"]
[EventType "swiss (rapid)"]
[EventRounds "9"]
[EventCountry "SVK"]
[SourceTitle "CBM 210 Extra"]
[Source "ChessBase"]
[SourceDate "2022.11.30"]
[SourceVersion "1"]
[SourceVersionDate "2022.11.30"]
[SourceQuality "1"]

1. Nf3 d5 2. g3 g6 3. Bg2 Bg7 4. 0-0 Nf6 5. c4 dxc4 6. Na3 0-0 7. Nxc4 c6 8. d3 Nbd7 9. Qc2 Nb6 10. Be3 Be6 11. Rad1 Nxc4 12. dxc4 Qa5 13. Nd4 Bg4 14. h3 Bc8 15. b4 Qxb4 16. Nb3 Bf5 17. Qc1 Be6 18. Rd4 Nd7 19. Rd2 Rfd8 20. Rfd1 Qc3 21. Qxc3 Bxc3 22. Rd3 Bb4 23. Bc5 a5 24. Bxb4 axb4 25. Nc5 Kg7 26. Rd4 Nxc5 27. Rxd8 Rxd8 28. Rxd8 Na4 29. Rd4 b3 30. c5 Kf6 31. axb3 Nxc5 32. e4 Bxb3 33. Rb4 Ba2 34. f4 Ke6 35. Bf1 b5 36. Bxb5 cxb5 37. Rxb5 Kd6 38. e5+ Kc6 39. Rb8 h5 40. Rc8+ Kd5 41. Rc7 Ne4 42. Rxe7 Nxg3 43. Rxf7 Ke4 44. Ra7 Bd5 45. Ra4+ Kf3 46. Kh2 Ne2 47. Ra6 Nxf4 48. Rf6 Ke4 49. Kg3 g5 50. h4 gxh4+ 51. Kxh4 Kxe5 52. Rxf4 1/2-1/2

[Event "SVK-chT1W 2122"]
[Site "Slovakia"]
[Date "2022.03.20"]
[Round "6.3"]
[White "Sobek, Michal"]
[Black "Slacky, Stanislav"]
[Result "1/2-1/2"]
[WhiteElo "2158"]
[BlackElo "2101"]
[PlyCount "88"]
[EventDate "2021.11.06"]
[EventType "team-tourn"]
[EventRounds "11"]
[EventCountry "SVK"]
[SourceTitle "EXT 2023"]
[Source "ChessBase"]
[SourceDate "2022.10.05"]
[SourceVersion "1"]
[SourceVersionDate "2022.10.05"]
[SourceQuality "1"]
[WhiteTeam "Bratislava Slovan II"]
[BlackTeam "Bratislava Lokomotiva"]
[WhiteTeamCountry "SVK"]
[BlackTeamCountry "SVK"]

1. e4 Nf6 2. d3 d6 3. g3 c5 4. Bg2 Nc6 5. Ne2 g6 6. 0-0 Bg7 7. c3 Bd7 8. h3 0-0 9. Be3 Rc8 10. f4 e6 11. Nd2 b6 12. d4 cxd4 13. Nxd4 Nxd4 14. Bxd4 Bb5 15. Re1 Qd7 16. a4 Bc6 17. Nc4 Rfd8 18. Qe2 Nh5 19. Bxg7 Kxg7 20. Kh2 b5 21. Ne3 bxa4 22. Rad1 Qb7 23. Qd2 Nf6 24. Qd4 Qb6 25. Nc4 Qxd4 26. Rxd4 d5 27. Ne5 Be8 28. Red1 a3 29. bxa3 Rxc3 30. R1d3 Rc2 31. Rd2 Rc3 32. R4d3 Rdc8 33. exd5 exd5 34. Ng4 Nxg4+ 35. hxg4 Bd7 36. g5 Bf5 37. Rxd5 Rxa3 38. Rb5 Be6 39. Rb7 Rcc3 40. Rd8 Rc8 41. Rd6 Kf8 42. Rd2 a5 43. Bh3 Bxh3 44. Kxh3 Kg7 1/2-1/2

[Event "SVK-chT2A 2122"]
[Site "Slovakia"]
[Date "2022.03.06"]
[Round "6.2"]
[White "Sobek, Michal"]
[Black "Skreko, Igor1111"]
[Result "0-1"]
[WhiteElo "2103"]
[BlackElo "2063"]
[PlyCount "108"]
[EventDate "2021.10.16"]
[EventType "team-tourn"]
[EventRounds "11"]
[EventCountry "SVK"]
[SourceTitle "EXT 2023"]
[Source "ChessBase"]
[SourceDate "2022.10.05"]
[SourceVersion "1"]
[SourceVersionDate "2022.10.05"]
[SourceQuality "1"]
[WhiteTeam "Modra II"]
[BlackTeam "Osuske II"]
[WhiteTeamCountry "SVK"]
[BlackTeamCountry "SVK"]

1. e4 c5 2. Nf3 d6 3. Bb5+ Bd7 4. Bxd7+ Qxd7 5. 0-0 Nc6 6. c3 Nf6 7. Re1 e6 8. d4 cxd4 9. cxd4 d5 10. e5 Ne4 11. Nbd2 Nxd2 12. Bxd2 Be7 13. Rc1 0-0 14. Rc3 Rfc8 15. a3 b5 16. Rd3 Qd8 17. h4 h6 18. Nh2 Kh8 19. Ree3 Qg8 20. Rg3 Qh7 21. Qh5 Rf8 22. Ng4 b4 23. Nxh6 gxh6 24. Rgf3 bxa3 25. bxa3 Qg6 26. Qxh6+ Qxh6 27. Bxh6 Rg8 28. Rxf7 Rg4 29. Rg3 Rxg3 30. fxg3 Rg8 31. Kh2 Rg6 32. Be3 Kg8 33. Rf2 Bxa3 34. Ra2 Bf8 35. Ra6 Nb4 36. Rxa7 Nc2 37. Bg5 Nxd4 38. Ra8 Rxg5 39. hxg5 Kg7 40. g4 Bc5 41. Kh3 Ne2 42. g3 Be3 43. Kh4 d4 44. Rd8 Bf2 45. g6 Kxg6 46. Rd6 Bxg3+ 47. Kh3 Kg5 48. Rd8 Bxe5 49. Rg8+ Kf6 50. Kg2 d3 51. Kf3 Bd4 52. Ke4 d2 53. Rf8+ Ke7 54. Rf1 Ng3+ 0-1

[Event "SVK-ch Amateurs"]
[Site "Topolcany"]
[Date "2021.08.09"]
[Round "7"]
[White "Sobek, Michal"]
[Black "Skreko, Igor1111"]
[Result "0-1"]
[WhiteElo "2139"]
[BlackElo "2014"]
[PlyCount "82"]
[EventDate "2021.08.06"]
[EventType "swiss"]
[EventRounds "7"]
[EventCountry "SVK"]
[SourceTitle "EXT 2022"]
[Source "ChessBase"]
[SourceDate "2021.10.06"]
[SourceVersion "1"]
[SourceVersionDate "2021.10.06"]
[SourceQuality "1"]

1. e4 c5 2. Nf3 d6 3. Bb5+ Bd7 4. Bxd7+ Qxd7 5. 0-0 Nc6 6. c3 Nf6 7. Re1 e6 8. d4 cxd4 9. cxd4 d5 10. e5 Ne4 11. Nbd2 Nxd2 12. Bxd2 Be7 13. Rc1 0-0 14. Rc3 Rfc8 15. a3 b5 16. Rd3 Qd8 17. h4 h6 18. Nh2 Kh8 19. Qg4 Qg8 20. Qh3 b4 21. g4 Qh7 22. Ree3 bxa3 23. bxa3 Rab8 24. Nf1 Rb1 25. Kh2 Bd8 26. f4 Bb6 27. Bc3 Rb3 28. f5 Rxc3 29. Rxc3 Bxd4 30. fxe6 fxe6 31. g5 Bxc3 32. Qxe6 Qc2+ 33. Kh3 Rf8 34. gxh6 g6 35. Ng3 Bd2 36. Re2 Nd4 37. Qe7 Qc8+ 38. Kg2 Bxh6 39. Rf2 Rxf2+ 40. Kxf2 Qf8+ 41. Qxf8+ Bxf8 0-1

[Event "Slovak Hybrid Teams"]
[Site "Tornelo INT"]
[Date "2021.05.15"]
[Round "4.2"]
[White "Jozefek, Michal"]
[Black "Sobek, Michal"]
[Result "0-1"]
[WhiteElo "2226"]
[BlackElo "2139"]
[PlyCount "88"]
[EventDate "2021.05.13"]
[EventType "team-tourn"]
[EventRounds "5"]
[EventCountry "SVK"]
[SourceTitle "CBM 202 Extra"]
[Source "ChessBase"]
[SourceDate "2021.07.31"]
[SourceVersion "1"]
[SourceVersionDate "2021.07.31"]
[SourceQuality "1"]
[WhiteTeam "Trnava Region CF"]
[BlackTeam "Slovak Chess Federation "]
[WhiteTeamCountry "SVK"]
[BlackTeamCountry "SVK"]

1. d4 Nf6 2. c4 c5 3. d5 b5 4. cxb5 a6 5. bxa6 g6 6. Nc3 Bg7 7. Nf3 0-0 8. a7 Rxa7 9. e4 d6 10. Be2 Ba6 11. 0-0 Nbd7 12. a4 Qb6 13. Re1 c4 14. a5 Qb8 15. Nd4 Rc7 16. Nc6 Rxc6 17. dxc6 Ne5 18. Qa4 Rc8 19. b4 Nxc6 20. Rb1 Nd7 21. Bd2 Bxc3 22. Bxc3 Bb5 23. Qc2 Nf8 24. Qd2 e5 25. Bg4 Rd8 26. Rbd1 Ba4 27. Ra1 Bb5 28. Re3 Ne6 29. Bxe6 fxe6 30. Rh3 Qa7 31. Qg5 Rf8 32. Ra2 d5 33. Qg4 Qe7 34. a6 d4 35. Be1 c3 36. a7 Nxa7 37. Rxa7 Qxa7 38. Qxe6+ Qf7 39. Qxe5 c2 40. Qc5 Qc4 41. Qxc4+ Bxc4 42. Bd2 Ra8 43. f4 Ra1+ 44. Kf2 Rd1 0-1

[Event "Slovak Hybrid Teams"]
[Site "Tornelo INT"]
[Date "2021.05.13"]
[Round "1.3"]
[White "Schwarz, Dusan"]
[Black "Sobek, Michal"]
[Result "1/2-1/2"]
[WhiteElo "2291"]
[BlackElo "2139"]
[PlyCount "89"]
[EventDate "2021.05.13"]
[EventType "team-tourn"]
[EventRounds "5"]
[EventCountry "SVK"]
[SourceTitle "CBM 202 Extra"]
[Source "ChessBase"]
[SourceDate "2021.07.31"]
[SourceVersion "1"]
[SourceVersionDate "2021.07.31"]
[SourceQuality "1"]
[WhiteTeam "Bratislava Chess Feeration"]
[BlackTeam "Slovak Chess Federation "]
[WhiteTeamCountry "SVK"]
[BlackTeamCountry "SVK"]

1. e4 c5 2. Nc3 g6 3. d4 Bg7 4. dxc5 Qa5 5. Bd2 Qxc5 6. Nd5 Na6 7. Nf3 Nf6 8. b4 Qd6 9. Bf4 Qe6 10. Ng5 Qc6 11. b5 Qc5 12. Be3 Qd6 13. bxa6 Nxd5 14. exd5 Bc3+ 15. Bd2 Bxd2+ 16. Kxd2 Qxd5+ 17. Ke1 Qxg5 18. Qd4 0-0 19. h4 Qa5+ 20. c3 e5 21. Qd2 d5 22. h5 Bf5 23. Be2 d4 24. cxd4 Qxd2+ 25. Kxd2 Rad8 26. axb7 Rxd4+ 27. Kc3 Rb8 28. Rhd1 Rxd1 29. Rxd1 Rxb7 30. hxg6 hxg6 31. Rd2 Be6 32. Rb2 Rc7+ 33. Kd2 Rc5 34. Bd1 Ra5 35. Bb3 Bxb3 36. axb3 Rb5 37. Ra2 Rxb3 38. Rxa7 Kg7 39. Ke2 Kf6 40. Ra6+ Kf5 41. Ra7 f6 42. Ra6 Rb2+ 43. Ke3 Rb3+ 44. Ke2 Rb2+ 45. Ke3 1/2-1/2

[Event "Wch FIDE Online U16 Europe qual"]
[Site "Tornelo INT"]
[Date "2020.12.07"]
[Round "1"]
[White "Sobek, Michal"]
[Black "Subelj, Jan"]
[Result "0-1"]
[WhiteElo "1984"]
[BlackElo "2300"]
[PlyCount "102"]
[EventDate "2020.12.07"]
[EventType "swiss (rapid)"]
[EventRounds "7"]
[EventCountry "ISS"]
[SourceTitle "EXT 2022"]
[Source "ChessBase"]
[SourceDate "2021.10.06"]
[SourceVersion "1"]
[SourceVersionDate "2021.10.06"]
[SourceQuality "1"]

1. e4 e5 2. Nf3 Nc6 3. c4 Nf6 4. d3 Bc5 5. Be2 d6 6. 0-0 0-0 7. h3 h6 8. Be3 Be6 9. Nc3 Nd4 10. Bxd4 Bxd4 11. Nxd4 exd4 12. Nb5 c5 13. f4 a6 14. Nxd6 Qxd6 15. e5 Qd8 16. exf6 Qxf6 17. Bf3 Rab8 18. Be4 Rfe8 19. Qh5 Bxc4 20. Qxc5 Rbc8 21. Qb4 Rxe4 22. dxe4 Bxf1 23. Qxb7 Rc2 24. Rxf1 d3 25. Qa8+ Kh7 26. Qd5 Qxb2 27. e5 d2 28. e6 Qb6+ 29. Kh2 Qxe6 30. Qd3+ Qg6 31. f5 Qxg2+ 32. Kxg2 d1Q+ 33. Qxc2 Qxc2+ 34. Rf2 Qe4+ 35. Kh2 a5 36. Kg1 a4 37. Kh2 a3 38. Kg1 Qe3 39. Kg2 f6 40. Rf3 Qe4 41. Kg3 Qd5 42. Rf2 h5 43. Kh2 h4 44. Kg1 Kh6 45. Kh2 Kg5 46. Kg1 Qd4 47. Kg2 Qb2 48. Kg1 Qxf2+ 49. Kxf2 Kxf5 50. Ke3 g5 51. Kd3 g4 0-1

[Event "Skalica Rapid op"]
[Site "Skalica"]
[Date "2020.08.29"]
[Round "1"]
[White "Basso, Pier Luigi"]
[Black "Sobek, Michal"]
[Result "1-0"]
[WhiteElo "2443"]
[BlackElo "1913"]
[PlyCount "34"]
[EventDate "2020.08.29"]
[EventType "swiss (rapid)"]
[EventRounds "7"]
[EventCountry "SVK"]
[SourceTitle "CBM 198 Extra"]
[Source "ChessBase"]
[SourceDate "2020.11.30"]
[SourceVersion "1"]
[SourceVersionDate "2020.11.30"]
[SourceQuality "1"]

1. d4 Nf6 2. c4 c5 3. d5 b5 4. Qc2 bxc4 5. e4 d6 6. Bxc4 g6 7. Nf3 Bg7 8. 0-0 0-0 9. h3 Qb6 10. Re1 Ba6 11. Na3 Nbd7 12. Rb1 Bxc4 13. Nxc4 Qa6 14. b3 Rfb8 15. Bd2 Nb6 16. Na5 Rc8 17. Nc6 Rc7 1-0

[Event "Skalica Masters op"]
[Site "Skalica"]
[Date "2020.08.29"]
[Round "8"]
[White "Sobek, Michal"]
[Black "Havelka, Ondrej"]
[Result "0-1"]
[WhiteElo "2113"]
[BlackElo "2157"]
[PlyCount "58"]
[EventDate "2020.08.23"]
[EventType "swiss"]
[EventRounds "9"]
[EventCountry "SVK"]
[SourceTitle "CBM 198 Extra"]
[Source "ChessBase"]
[SourceDate "2020.11.30"]
[SourceVersion "1"]
[SourceVersionDate "2020.11.30"]
[SourceQuality "1"]

1. e4 e6 2. d4 d5 3. Nd2 c5 4. c3 cxd4 5. cxd4 dxe4 6. Nxe4 Nf6 7. Nc3 Nc6 8. Nf3 Be7 9. Bd3 0-0 10. 0-0 Nb4 11. Bb1 b6 12. a3 Nbd5 13. Re1 Bb7 14. Qd3 Rc8 15. Bg5 g6 16. Ba2 Nxc3 17. bxc3 Nd5 18. Bxe7 Qxe7 19. c4 Nf4 20. Qe3 Qf6 21. d5 exd5 22. Qe7 Qxe7 23. Rxe7 dxc4 24. Rxb7 c3 25. Nd4 c2 26. Rc1 Rfd8 27. Bxf7+ Kh8 28. Bb3 Rxd4 29. Kf1 Rd2 0-1

[Event "Skalica Masters op"]
[Site "Skalica"]
[Date "2020.08.28"]
[Round "7"]
[White "Hollan, Petr"]
[Black "Sobek, Michal"]
[Result "1-0"]
[WhiteElo "2317"]
[BlackElo "2113"]
[PlyCount "61"]
[EventDate "2020.08.23"]
[EventType "swiss"]
[EventRounds "9"]
[EventCountry "SVK"]
[SourceTitle "CBM 198 Extra"]
[Source "ChessBase"]
[SourceDate "2020.11.30"]
[SourceVersion "1"]
[SourceVersionDate "2020.11.30"]
[SourceQuality "1"]

1. e4 c5 2. Nf3 g6 3. d4 cxd4 4. Nxd4 Bg7 5. Nc3 Nc6 6. Be3 Nf6 7. Bc4 0-0 8. Bb3 d6 9. f3 Bd7 10. h4 h5 11. Qd2 Nxd4 12. Bxd4 b5 13. g4 e6 14. gxh5 Nxh5 15. Bxg7 Kxg7 16. Qxd6 b4 17. Qxb4 Bc6 18. Ne2 Qf6 19. Qc3 e5 20. 0-0-0 Rac8 21. Qe3 Bb5 22. Nc3 Rxc3 23. Qxc3 Ng3 24. Kb1 Nxh1 25. Rxh1 Rd8 26. a4 Be2 27. Ka2 Rh8 28. Re1 Ba6 29. Rd1 Rc8 30. Qb4 Qc6 31. Rd6 1-0

[Event "SVK-chT1W 1920"]
[Site "Slovakia"]
[Date "2020.06.21"]
[Round "11.6"]
[White "Sobek, Michal"]
[Black "Batora, Matej"]
[Result "1-0"]
[WhiteElo "2109"]
[BlackElo "2020"]
[PlyCount "77"]
[EventDate "2019.10.12"]
[EventType "team-tourn"]
[EventRounds "11"]
[EventCountry "SVK"]
[SourceTitle "EXT 2022"]
[Source "ChessBase"]
[SourceDate "2021.10.06"]
[SourceVersion "1"]
[SourceVersionDate "2021.10.06"]
[SourceQuality "1"]
[WhiteTeam "Bratislava Slovan II"]
[BlackTeam "Nitra NSK"]
[WhiteTeamCountry "SVK"]
[BlackTeamCountry "SVK"]

1. e4 c5 2. Nf3 d6 3. Bb5+ Bd7 4. Bxd7+ Qxd7 5. 0-0 Nc6 6. c3 Nf6 7. Re1 e6 8. d4 cxd4 9. cxd4 d5 10. e5 Ne4 11. Nbd2 Nxd2 12. Bxd2 Be7 13. Rc1 0-0 14. Rc3 Rfc8 15. a3 Qd8 16. Rd3 b5 17. h4 h6 18. Nh2 a5 19. Qh5 Qf8 20. Ng4 Kh7 21. Rf3 Nd8 22. Rg3 Rc2 23. Bxh6 gxh6 24. Nf6+ Bxf6 25. exf6 Nc6 26. Rg7+ Qxg7 27. fxg7 Kxg7 28. Re3 Rc4 29. Rg3+ Kf8 30. Qxh6+ Ke7 31. Qg5+ Kd7 32. Qf6 Rf8 33. Rd3 Ne7 34. h5 Ke8 35. h6 Ng6 36. Rg3 Rc1+ 37. Kh2 Re1 38. h7 Re4 39. Rxg6 1-0

[Event "SVK-chT 1920"]
[Site "Slovakia"]
[Date "2020.03.01"]
[Round "8.6"]
[White "Sobek, Michal"]
[Black "Varga, Lukas"]
[Result "1-0"]
[WhiteElo "2082"]
[BlackElo "1893"]
[PlyCount "31"]
[EventDate "2019.10.19"]
[EventType "team-tourn"]
[EventRounds "11"]
[EventCountry "SVK"]
[SourceTitle "CBM 195 Extra"]
[Source "ChessBase"]
[SourceDate "2020.05.31"]
[SourceVersion "1"]
[SourceVersionDate "2020.05.31"]
[SourceQuality "1"]
[WhiteTeam "Modra"]
[BlackTeam "Kosice Slavia UPJS"]
[WhiteTeamCountry "SVK"]
[BlackTeamCountry "SVK"]

1. e4 c5 2. Nf3 d6 3. Bb5+ Bd7 4. Bxd7+ Qxd7 5. 0-0 Nc6 6. c3 Nf6 7. Re1 g5 8. e5 Nd5 9. e6 fxe6 10. Nxg5 Nf4 11. d4 h6 12. Ne4 Ng6 13. d5 Nd8 14. Qh5 Rg8 15. f4 Nf7 16. f5 1-0

[Event "SVK-chT1W 1920"]
[Site "Slovakia"]
[Date "2020.01.25"]
[Round "7.6"]
[White "Polacik, Igor"]
[Black "Sobek, Michal"]
[Result "1-0"]
[WhiteElo "2152"]
[BlackElo "2082"]
[PlyCount "43"]
[EventDate "2019.10.12"]
[EventType "team-tourn"]
[EventRounds "11"]
[EventCountry "SVK"]
[SourceTitle "CBM 194 Extra"]
[Source "ChessBase"]
[SourceDate "2020.03.31"]
[SourceVersion "1"]
[SourceVersionDate "2020.03.31"]
[SourceQuality "1"]
[WhiteTeam "Bratislava Doprastav"]
[BlackTeam "Bratislava Slovan II"]
[WhiteTeamCountry "SVK"]
[BlackTeamCountry "SVK"]

1. e4 c5 2. Nf3 Nc6 3. d4 cxd4 4. Nxd4 g6 5. c4 Bg7 6. Be3 Nf6 7. Nc3 d6 8. Be2 0-0 9. 0-0 Bd7 10. Qd2 Nxd4 11. Bxd4 Bc6 12. f3 Nd7 13. Be3 a5 14. b3 Nc5 15. Rab1 Be5 16. Rfd1 e6 17. Bf4 Qb6 18. Kh1 Qb4 19. Bxe5 dxe5 20. Qb2 a4 21. a3 Qxb3 22. Qc1 1-0

[Event "SVK-chT2A 1920"]
[Site "Slovakia"]
[Date "2019.10.27"]
[Round "2.1"]
[White "Sobek, Michal"]
[Black "Danada, Tomas"]
[Result "1/2-1/2"]
[WhiteElo "2082"]
[BlackElo "2263"]
[PlyCount "115"]
[EventDate "2019.10.26"]
[EventType "team-tourn"]
[EventRounds "11"]
[EventCountry "SVK"]
[SourceTitle "CBM 193 Extra"]
[Source "ChessBase"]
[SourceDate "2020.01.31"]
[SourceVersion "1"]
[SourceVersionDate "2020.01.31"]
[SourceQuality "1"]
[WhiteTeam "Modra II"]
[BlackTeam "Gbely Nafta"]
[WhiteTeamCountry "SVK"]
[BlackTeamCountry "SVK"]

1. e4 c5 2. Nf3 d6 3. Bb5+ Nd7 4. c3 Ngf6 5. Qe2 a6 6. Ba4 e6 7. 0-0 Be7 8. d4 0-0 9. Rd1 Re8 10. Bc2 Qb6 11. e5 Nd5 12. Nbd2 Qc7 13. exd6 Qxd6 14. Ne4 Qc7 15. Neg5 Bxg5 16. Nxg5 h6 17. Ne4 b6 18. dxc5 bxc5 19. Qg4 f5 20. Qg6 Kf8 21. Ng3 Ne5 22. Qh5 Bb7 23. Ne2 Qf7 24. Qxf7+ Kxf7 25. Nf4 g5 26. Nxd5 Bxd5 27. f4 Ng6 28. fxg5 Nh4 29. c4 Bxg2 30. Rd7+ Re7 31. g6+ Kf6 32. Rxe7 Kxe7 33. Bxh6 Kf6 34. g7 Rg8 35. Kf2 Kg6 36. Bf4 Bc6 37. Rg1+ Kh7 38. Re1 Rxg7 39. Bg3 Rg6 40. Re2 Nf3 41. Rxe6 Rxe6 42. Bxf5+ Rg6 43. Bc7 Kg7 44. Bxg6 Kxg6 45. Ke3 Kf5 46. a3 Be4 47. Bd6 a5 48. Bxc5 a4 49. Bd6 Ne5 50. Bxe5 Kxe5 51. h4 Bg6 52. c5 Kd5 53. c6 Kxc6 54. Kd4 Kb5 55. Kc3 Bf7 56. h5 Bxh5 57. b3 Bf7 58. bxa4+ 1/2-1/2

[Event "SVK-ch U14"]
[Site "Liptovsky Mikulas"]
[Date "2019.04.29"]
[Round "8"]
[White "Sobek, Michal"]
[Black "Sosovicka, Jakub"]
[Result "1-0"]
[WhiteElo "2073"]
[BlackElo "2109"]
[PlyCount "77"]
[EventDate "2019.04.23"]
[EventType "swiss"]
[EventRounds "9"]
[EventCountry "SVK"]
[SourceTitle "CBM 190 Extra"]
[Source "ChessBase"]
[SourceDate "2019.07.15"]
[SourceVersion "1"]
[SourceVersionDate "2019.07.15"]
[SourceQuality "1"]

1. e4 c6 2. Nc3 d5 3. Nf3 Bg4 4. h3 Bxf3 5. Qxf3 e6 6. g3 Nf6 7. Bg2 Bc5 8. 0-0 0-0 9. Rb1 a5 10. Rd1 d4 11. Ne2 Nbd7 12. d3 Ne5 13. Qf4 Ng6 14. Qd2 Ba7 15. f4 Rc8 16. Kh1 b5 17. a4 b4 18. b3 Nd7 19. Ng1 f5 20. Nf3 h6 21. Qe2 Qe7 22. Bb2 c5 23. Re1 Rce8 24. Nd2 Nb6 25. Bf3 Kh7 26. Bh5 Qb7 27. Kh2 Bb8 28. Nf3 Rd8 29. Bc1 Nh8 30. Nh4 g6 31. exf5 gxh5 32. fxe6 Rde8 33. Qxh5 Qe7 34. Nf3 Rf6 35. f5 Qg7 36. Ng5+ Kg8 37. Qxe8+ Rf8 38. Qh5 hxg5 39. e7 1-0